000 00301nam a2200133Ia 4500
005 20251222143228.0
008 251222s9999||||xx |||||||||||||| ||spa||
020 _a84-7053-088-7
082 _a851.91/M84
100 _aMontale, Eugenio
245 0 _aHuesos de Sepia
264 _bVisor
942 _cLIB
999 _c14070
_d14070